000 00488nam a22001697a 4500
005 20240828112313.0
008 240828b |||||||| |||| 00| 0 eng d
020 _a978-93-94525-18-4
041 _aEnglish
082 _aPS 610.7365 PRA DB1307
100 _aPrakash P
245 _aTextbook of Mental Health / Psychiatric Nursing for BSc Nursing Students
250 _a2nd ed.
260 _aNew Delhi
_bCBS Publishers & Distributors Pvt. Ltd.
_c2024
300 _a656p
942 _cDB
999 _c359548
_d359548